| 000 | 00585cam a2200217 4500 | ||
|---|---|---|---|
| 008 | 090401t1988 xxu||||| |||| 00| 0 eng d | ||
| 020 | _a0117301914 | ||
| 035 | _a(Sirsi) u59877 | ||
| 041 | _aeng | ||
| 050 | _a346.410438 | ||
| 110 |
_aEngland and Wales _bLaw Commission _93302 |
||
| 245 | _aTransfer of land: passing of risk from vendor to purchaser | ||
| 260 |
_aLondon _bHMSO _c1988 |
||
| 300 | _av, 87p. ; 21cm. | ||
| 350 | _a3 | ||
| 490 |
_aLaw Commission Working Paper _v109 |
||
| 650 | _aCONVEYANCING | ||
| 650 |
_aInsurance _96249 |
||
| 942 | _n0 | ||
| 948 | _c04/03/1997 | ||
| 999 |
_c94182 _d94182 |
||